000 00513nam a22001217a 4500
999 _c9552
_d9552
003 OSt
008 201209b ||||| |||| 00| 0 eng d
245 _aJournal of The Institution of Engineers (INDIA)
250 _a2011(Mar Vol.91 Environmental Eng, Mar Vol.91 Production Eng, Mar Vol.91 Electrical Eng, Apr Vol.92 Metallurgical and Materials Eng, May Vol.92 Computer Eng, Jun Vol.92 Electrical Eng)
260 _aKolkata
_bThe Institution of Engineers (India)
650 _aMechanical Engineering
942 _2ddc
_cBV